[Event "Sunnyvale Independence Day op"]
[Site "Sunnyvale"]
[Date "2023.07.02"]
[Round "5"]
[White "Arias Santana, Mauricio"]
[Black "Karthi, Jashith"]
[Result "1-0"]
[WhiteElo "2261"]
[BlackElo "1979"]
[PlyCount "87"]
[EventDate "2023.06.30"]
[EventType "swiss"]
[EventRounds "9"]
[EventCountry "USA"]
[SourceTitle "EXT 2024"]
[Source "ChessBase"]
[SourceDate "2023.10.10"]
[SourceVersion "1"]
[SourceVersionDate "2023.10.10"]
[SourceQuality "1"]

1. Nf3 d5 2. d4 e6 3. c4 a6 4. cxd5 exd5 5. Nc3 Nf6 6. Bg5 Be6 7. e3 Nbd7 8. Bd3 c6 9. Qc2 Bd6 10. h3 Qc7 11. Ne2 Qa5+ 12. Nd2 Ne4 13. Bxe4 dxe4 14. Bf4 Bb4 15. a3 Bxd2+ 16. Qxd2 Qxd2+ 17. Kxd2 f5 18. Rac1 0-0 19. f3 Nb6 20. Rhf1 Bc4 21. Bc7 Bxe2 22. Kxe2 Nd5 23. Be5 h5 24. Rf2 g5 25. Rcf1 f4 26. fxe4 Nxe3 27. Rc1 Nxg2 28. Rg1 g4 29. hxg4 f3+ 30. Rxf3 Rxf3 31. Kxf3 Nh4+ 32. Ke3 Kh7 33. gxh5 Rf8 34. Bf4 Re8 35. Rg5 b5 36. Bg3 Ng2+ 37. Kf3 b4 38. axb4 Kh6 39. Rc5 Re6 40. Kxg2 Rxe4 41. Rxc6+ Kxh5 42. Kf3 Rxd4 43. Bf4 Rd3+ 44. Be3 1-0

[Event "Sunnyvale Independence Day op"]
[Site "Sunnyvale"]
[Date "2023.07.02"]
[Round "4"]
[White "Sivakumar, Shaaketh"]
[Black "Arias Santana, Mauricio"]
[Result "0-1"]
[WhiteElo "2337"]
[BlackElo "2261"]
[PlyCount "128"]
[EventDate "2023.06.30"]
[EventType "swiss"]
[EventRounds "9"]
[EventCountry "USA"]
[SourceTitle "EXT 2024"]
[Source "ChessBase"]
[SourceDate "2023.10.10"]
[SourceVersion "1"]
[SourceVersionDate "2023.10.10"]
[SourceQuality "1"]

1. d4 Nf6 2. Nf3 c5 3. c3 d5 4. Bf4 Nc6 5. e3 cxd4 6. exd4 Bg4 7. Nbd2 e6 8. Qb3 Qc8 9. Bd3 Be7 10. 0-0 Bh5 11. Rfe1 Bg6 12. Qc2 a6 13. Bxg6 hxg6 14. Qd3 Nh5 15. Bg5 Qd8 16. Qe3 Bxg5 17. Nxg5 Qf6 18. g3 0-0 19. f4 Rfe8 20. Ndf3 Qf5 21. Nh4 Qg4 22. Kg2 Nf6 23. h3 Qh5 24. Nhf3 Nd7 25. g4 Qh6 26. Re2 Nf8 27. Qd3 Re7 28. Rae1 Rae8 29. Kg3 Na5 30. b3 Rc8 31. h4 Rec7 32. Rc1 b5 33. Rh2 f6 34. Ng1 Nb7 35. N5h3 Nd6 36. Nf2 f5 37. g5 Qh5 38. Ne2 b4 39. Kg2 bxc3 40. Ng3 Qh7 41. Rc2 Rc6 42. Qe3 Ne4 43. Nfxe4 fxe4 44. Kh3 R8c7 45. Rh1 Kh8 46. Kg4 e5 47. h5 Kg8 48. dxe5 gxh5+ 49. Rxh5 Qg6 50. f5 Qe8 51. Qd4 Qd7 52. Kf4 g6 53. Rh6 gxf5 54. Rch2 Ne6+ 55. Rxe6 Rxe6 56. Rc2 Rec6 57. Nxf5 Qe6 58. Nh6+ Kh7 59. Kg3 Rg7 60. Rh2 Rxg5+ 61. Kf4 Kg6 62. Qd1 Qxe5+ 63. Ke3 Qxh2 64. Qf1 Qd2# 0-1

[Event "Sunnyvale Independence Day op"]
[Site "Sunnyvale"]
[Date "2023.07.01"]
[Round "2"]
[White "Wang, Isaac"]
[Black "Arias Santana, Mauricio"]
[Result "0-1"]
[WhiteElo "2353"]
[BlackElo "2261"]
[PlyCount "82"]
[EventDate "2023.06.30"]
[EventType "swiss"]
[EventRounds "9"]
[EventCountry "USA"]
[SourceTitle "EXT 2024"]
[Source "ChessBase"]
[SourceDate "2023.10.10"]
[SourceVersion "1"]
[SourceVersionDate "2023.10.10"]
[SourceQuality "1"]

1. d4 d5 2. c4 e6 3. Nc3 Nf6 4. Nf3 c6 5. Bg5 h6 6. Bh4 dxc4 7. e4 g5 8. Bg3 b5 9. Be2 Bb7 10. Qc2 Nbd7 11. Rd1 a6 12. h4 g4 13. Ne5 Rg8 14. Nxd7 Qxd7 15. e5 Nh5 16. 0-0 c5 17. d5 exd5 18. b3 Qe6 19. bxc4 dxc4 20. Rfe1 Rd8 21. a4 Rxd1 22. Rxd1 Nxg3 23. fxg3 b4 24. Ne4 Be7 25. Bxc4 Qxe5 26. Qf2 Rg7 27. Nd6+ Bxd6 28. Re1 Be4 29. Bd3 f5 30. Bxe4 fxe4 31. Qe2 c4 32. Kh1 Re7 33. Qxc4 Qe6 34. Qxa6 Kf7 35. Rf1+ Kg7 36. Qa8 Rf7 37. Rxf7+ Kxf7 38. Qh8 Kg6 39. Qd4 e3 40. Qd3+ Kg7 41. Qd4+ Kf7 0-1

[Event "San Jose Gutierrez Mangel Cup"]
[Site "San Jose"]
[Date "2022.12.23"]
[Round "7"]
[White "Arias Santana, Mauricio"]
[Black "Martinez Duany, Lelys Stanley"]
[Result "0-1"]
[WhiteElo "2317"]
[BlackElo "2505"]
[PlyCount "92"]
[EventDate "2022.12.19"]
[EventType "tourn"]
[EventRounds "9"]
[EventCountry "CRI"]
[EventCategory "6"]
[SourceTitle "EXT 2024"]
[Source "ChessBase"]
[SourceDate "2023.10.10"]
[SourceVersion "1"]
[SourceVersionDate "2023.10.10"]
[SourceQuality "1"]

1. e4 c5 2. Nf3 e6 3. d4 cxd4 4. Nxd4 a6 5. Nc3 Qc7 6. Qf3 Nf6 7. Qg3 Qxg3 8. hxg3 d6 9. f3 b5 10. g4 g6 11. Bh6 Bb7 12. 0-0-0 Nbd7 13. Nb3 Bxh6+ 14. Rxh6 Ke7 15. Na5 Rab8 16. g5 Nh5 17. g4 Nf4 18. Ne2 Nxe2+ 19. Bxe2 e5 20. Nxb7 Rxb7 21. a4 bxa4 22. Bxa6 Rc7 23. Rdh1 Ra8 24. Be2 Nf8 25. Kb1 Rb8 26. Bd1 Rcb7 27. b3 axb3 28. cxb3 Ne6 29. Rxh7 Nxg5 30. Rh8 Nxf3 31. Rxb8 Rxb8 32. Kb2 Nd4 33. Kc3 Rc8+ 34. Kb2 Ke6 35. g5 Ke7 36. Rh2 Rb8 37. Kc3 Ne6 38. Rg2 Rc8+ 39. Kd2 Rh8 40. b4 Rb8 41. Kc3 Rc8+ 42. Kb3 Nd4+ 43. Kb2 Rc4 44. Ka3 Nb5+ 45. Ka4 Nc3+ 46. Kb3 Nxd1 0-1

[Event "San Jose Gutierrez Mangel Cup"]
[Site "San Jose"]
[Date "2022.12.19"]
[Round "1"]
[White "Arias Santana, Mauricio"]
[Black "Vera Siguenas, Deivy Anthoni"]
[Result "1/2-1/2"]
[WhiteElo "2317"]
[BlackElo "2480"]
[PlyCount "143"]
[EventDate "2022.12.19"]
[EventType "tourn"]
[EventRounds "9"]
[EventCountry "CRI"]
[EventCategory "6"]
[SourceTitle "EXT 2024"]
[Source "ChessBase"]
[SourceDate "2023.10.10"]
[SourceVersion "1"]
[SourceVersionDate "2023.10.10"]
[SourceQuality "1"]

1. e4 c5 2. Nf3 d6 3. d4 cxd4 4. Nxd4 Nf6 5. Nc3 Nc6 6. Bg5 e6 7. Qd2 a6 8. 0-0-0 Bd7 9. f4 Be7 10. Nf3 b5 11. e5 b4 12. exf6 bxc3 13. Qxc3 gxf6 14. Bh4 d5 15. Kb1 Nb4 16. Qd2 Rb8 17. c3 Nc6 18. Ka1 Qa5 19. Nd4 Nxd4 20. Qxd4 Ba4 21. Qa7 0-0 22. Rd3 Qd8 23. Rg3+ Kh8 24. Qd4 Bc2 25. Bd3 Bxd3 26. Qxd3 Qb6 27. b3 Rg8 28. Rxg8+ Rxg8 29. g3 Rc8 30. g4 Kg8 31. Rf1 Qc5 32. Be1 a5 33. Bd2 Bf8 34. Be3 Qc7 35. g5 fxg5 36. Rg1 f6 37. Bd4 Bg7 38. fxg5 f5 39. g6 h6 40. Bxg7 Qxg7 41. Kb2 Qe5 42. Rg2 Qe4 43. Qd2 f4 44. h4 Qe5 45. Re2 Qf6 46. h5 Rf8 47. Qd3 f3 48. Rf2 Qf5 49. Qa6 Qf6 50. Qa7 Qg7 51. Qe3 d4 52. Qxe6+ Kh8 53. Qc4 dxc3+ 54. Qxc3 Rf5 55. Kc2 Qxc3+ 56. Kxc3 Kg7 57. a3 Rxh5 58. Rxf3 Kxg6 59. Kc4 Re5 60. Rd3 h5 61. Rd8 h4 62. Rg8+ Kf5 63. b4 axb4 64. axb4 h3 65. b5 Re1 66. Rh8 Kg4 67. b6 Rb1 68. Kc5 Kg3 69. Rg8+ Kf2 70. Rh8 Kg2 71. Rg8+ Kf2 72. Rh8 1/2-1/2

[Event "Sada Coruna op"]
[Site "Sada"]
[Date "2022.09.10"]
[Round "8"]
[White "Arias Santana, Mauricio"]
[Black "Petkov, Vladimir"]
[Result "1-0"]
[WhiteElo "2368"]
[BlackElo "2451"]
[PlyCount "119"]
[EventDate "2022.09.04"]
[EventType "swiss"]
[EventRounds "9"]
[EventCountry "ESP"]
[SourceTitle "CBM 210 Extra"]
[Source "ChessBase"]
[SourceDate "2022.11.30"]
[SourceVersion "1"]
[SourceVersionDate "2022.11.30"]
[SourceQuality "1"]

1. d4 Nf6 2. c4 e6 3. g3 Bb4+ 4. Bd2 a5 5. Bg2 0-0 6. Nf3 b6 7. 0-0 Bb7 8. Bg5 Be7 9. Nc3 h6 10. Bxf6 Bxf6 11. Qc2 d6 12. Ng5 hxg5 13. Bxb7 Ra7 14. Bg2 c6 15. Rfd1 g6 16. d5 Bxc3 17. Qxc3 cxd5 18. cxd5 e5 19. a3 a4 20. Qb4 Ra5 21. Rac1 Na6 22. Qd2 Nc5 23. Rc4 f5 24. Qb4 g4 25. f4 e4 26. Kf2 Ra7 27. Ke3 Rh7 28. Rh1 g5 29. Qb5 gxf4+ 30. gxf4 Qf6 31. Rb4 Rb8 32. Rc4 Kg7 33. Bf1 Kg6 34. h3 Rbh8 35. Rg1 Rxh3+ 36. Bxh3 Rxh3+ 37. Kd2 Rb3 38. Qe8+ Kg7 39. Rh1 Rxb2+ 40. Ke3 Rb3+ 41. Kf2 Rh3 42. Rxh3 gxh3 43. Qh5 Qb2 44. Qg5+ Kf7 45. Qxf5+ Ke7 46. Qh7+ Kd8 47. Qh4+ Kc7 48. Qxh3 Qd2 49. Qh7+ Kb8 50. Rxe4 Nxe4+ 51. Qxe4 b5 52. Qe8+ Ka7 53. Qd7+ Ka8 54. Qc8+ Ka7 55. Qc7+ Ka8 56. Qxd6 Qd4+ 57. Kf3 Qc3+ 58. e3 Qc4 59. f5 b4 60. Qxb4 1-0

[Event "Sada Coruna op"]
[Site "Sada"]
[Date "2022.09.04"]
[Round "2"]
[White "Arias Rodriguez, Manuel Ramon"]
[Black "Arias Santana, Mauricio"]
[Result "0-1"]
[WhiteElo "1864"]
[BlackElo "2368"]
[PlyCount "102"]
[EventDate "2022.09.04"]
[EventType "swiss"]
[EventRounds "9"]
[EventCountry "ESP"]
[SourceTitle "CBM 210 Extra"]
[Source "ChessBase"]
[SourceDate "2022.11.30"]
[SourceVersion "1"]
[SourceVersionDate "2022.11.30"]
[SourceQuality "1"]

1. d4 Nf6 2. c4 g6 3. Nf3 Bg7 4. g3 0-0 5. Bg2 d6 6. 0-0 Nc6 7. Nc3 a6 8. Bf4 Rb8 9. Qd2 Re8 10. Rac1 Bd7 11. d5 Na5 12. b3 c5 13. e4 b5 14. cxb5 axb5 15. e5 b4 16. exf6 bxc3 17. Qxc3 Bxf6 18. Qd2 Qb6 19. Be3 Ra8 20. Ng5 Reb8 21. Ne4 Bh8 22. Rfe1 Qb4 23. Qxb4 Rxb4 24. Bd2 Rbb8 25. Bc3 Bxc3 26. Nxc3 Kf8 27. Bf1 Rb4 28. Re4 Bf5 29. Rxb4 cxb4 30. Nb5 Nb7 31. Rc7 Nc5 32. Na7 Bb1 33. Bc4 Bxa2 34. Nc6 Bxb3 35. Bxb3 Nxb3 36. Nxb4 Nd4 37. Kg2 g5 38. Rc4 Nf5 39. Kf3 Kg7 40. Nc6 Ra3+ 41. Kg2 Kf6 42. h3 Rd3 43. Nb4 Rb3 44. Nc6 h5 45. Re4 Rc3 46. Nb4 Ra3 47. Nc6 Rb3 48. Nb4 e6 49. dxe6 fxe6 50. Nc6 Rb6 51. Nd4 d5 0-1

[Event "Sada Coruna op"]
[Site "Sada"]
[Date "2022.09.04"]
[Round "1"]
[White "Arias Santana, Mauricio"]
[Black "Longueira Alonso, Breixo"]
[Result "1-0"]
[WhiteElo "2368"]
[BlackElo "1642"]
[PlyCount "75"]
[EventDate "2022.09.04"]
[EventType "swiss"]
[EventRounds "9"]
[EventCountry "ESP"]
[SourceTitle "CBM 210 Extra"]
[Source "ChessBase"]
[SourceDate "2022.11.30"]
[SourceVersion "1"]
[SourceVersionDate "2022.11.30"]
[SourceQuality "1"]

1. d4 Nf6 2. c4 e6 3. Nf3 c5 4. d5 exd5 5. cxd5 d6 6. Nc3 g6 7. e4 Bg7 8. Bb5+ Nbd7 9. Bf4 Qe7 10. 0-0 0-0 11. a4 a6 12. Bxd7 Bxd7 13. e5 dxe5 14. Bxe5 Bg4 15. Re1 Qd7 16. h3 Bxf3 17. Qxf3 Nh5 18. g4 Bxe5 19. Rxe5 Ng7 20. Ne4 f5 21. Nxc5 Qd6 22. Nd3 fxg4 23. Qxg4 Rae8 24. Rae1 Rxe5 25. Rxe5 Rf5 26. Qe4 Rxe5 27. Nxe5 b5 28. a5 Nf5 29. Nc6 Qc5 30. Kg2 Qc1 31. Ne7+ Nxe7 32. Qxe7 Qd2 33. Qe5 Qxa5 34. Qe8+ Kg7 35. d6 Qd2 36. Qe7+ Kg8 37. d7 Qd5+ 38. Kh2 1-0

[Event "Olympiad-44"]
[Site "Chennai"]
[Date "2022.08.08"]
[Round "10.1"]
[White "Gajadin, Dewperkash"]
[Black "Arias Santana, Mauricio"]
[Result "0-1"]
[WhiteElo "1990"]
[BlackElo "2318"]
[PlyCount "46"]
[EventDate "2022.07.29"]
[EventType "team-swiss"]
[EventRounds "11"]
[EventCountry "IND"]
[SourceTitle "CBM 210"]
[Source "ChessBase"]
[SourceDate "2022.10.31"]
[SourceVersion "1"]
[SourceVersionDate "2022.10.31"]
[SourceQuality "1"]
[WhiteTeam "Surinam"]
[BlackTeam "Costa Rica"]
[WhiteTeamCountry "SUR"]
[BlackTeamCountry "CRI"]

1. e4 e5 2. Nf3 Nc6 3. Bc4 Nf6 4. d3 Bc5 5. c3 d6 6. 0-0 a5 7. d4 Ba7 8. dxe5 Nxe5 9. Nxe5 dxe5 10. Qb3 0-0 11. Bg5 h6 12. Bh4 Qe7 13. Nd2 g5 14. Bg3 Nh5 15. Nf3 Nxg3 16. hxg3 Kg7 17. Rad1 c6 18. Rd2 h5 19. Kh2 Rh8 20. Nxe5 Qxe5 21. f4 gxf4 22. gxf4 Qe7 23. e5 Qh4# 0-1

[Event "FIDE World Cup American Qual Gp1"]
[Site "Tornelo INT"]
[Date "2021.05.23"]
[Round "1.4"]
[White "Arias Santana, Mauricio"]
[Black "Escobar Medina, Andres F"]
[Result "0-1"]
[WhiteElo "2291"]
[BlackElo "2298"]
[PlyCount "44"]
[EventDate "2021.05.22"]
[EventType "k.o. (rapid)"]
[EventRounds "4"]
[EventCountry "USA"]
[SourceTitle "CBM 202 Extra"]
[Source "ChessBase"]
[SourceDate "2021.07.31"]
[SourceVersion "1"]
[SourceVersionDate "2021.07.31"]
[SourceQuality "1"]

1. d4 Nf6 2. c4 e6 3. Nc3 Bb4 4. Qc2 0-0 5. e4 d5 6. e5 Ne4 7. Bd3 c5 8. Nf3 cxd4 9. Nxd4 Nc5 10. Bxh7+ Kh8 11. 0-0 Qh4 12. Ncb5 dxc4 13. Qxc4 Nc6 14. g3 Qxh7 15. Nxc6 bxc6 16. Qxb4 cxb5 17. Qxc5 Bb7 18. Qxb5 Bd5 19. Qa4 Qd3 20. Qf4 Rac8 21. Be3 Rc4 22. Qg4 Rxg4 0-1

[Event "FIDE World Cup American Qual Gp1"]
[Site "Tornelo INT"]
[Date "2021.05.23"]
[Round "1.2"]
[White "Escobar Medina, Andres F"]
[Black "Arias Santana, Mauricio"]
[Result "1-0"]
[WhiteElo "2298"]
[BlackElo "2291"]
[PlyCount "71"]
[EventDate "2021.05.22"]
[EventType "k.o. (rapid)"]
[EventRounds "4"]
[EventCountry "USA"]
[SourceTitle "CBM 202 Extra"]
[Source "ChessBase"]
[SourceDate "2021.07.31"]
[SourceVersion "1"]
[SourceVersionDate "2021.07.31"]
[SourceQuality "1"]

1. d4 Nf6 2. c4 e6 3. Nf3 Bb4+ 4. Bd2 a5 5. g3 d6 6. Bg2 Nc6 7. 0-0 Bxd2 8. Qxd2 e5 9. Nc3 0-0 10. Rfd1 Qe7 11. Nd5 Nxd5 12. cxd5 Nxd4 13. Nxd4 exd4 14. Bf3 f5 15. Qxd4 f4 16. Rac1 Bh3 17. gxf4 Rf7 18. Kh1 Raf8 19. Qc3 Qh4 20. Rg1 Qxf4 21. Bh5 Qe4+ 22. f3 Qxe2 23. Rce1 Qb5 24. Bxf7+ Rxf7 25. Qd4 Bd7 26. Re4 g6 27. Rh4 Bf5 28. Re1 Re7 29. Qf2 Qe8 30. Rxe7 Qxe7 31. Rc4 Qf7 32. Qe2 Qxd5 33. Qe8+ Kg7 34. Qe7+ Kh8 35. Qf6+ Kg8 36. Qd8+ 1-0

[Event "FIDE World Cup American Qual Gp1"]
[Site "Tornelo INT"]
[Date "2021.05.22"]
[Round "1.1"]
[White "Arias Santana, Mauricio"]
[Black "Escobar Medina, Andres F"]
[Result "1-0"]
[WhiteElo "2291"]
[BlackElo "2298"]
[PlyCount "123"]
[EventDate "2021.05.22"]
[EventType "k.o. (rapid)"]
[EventRounds "4"]
[EventCountry "USA"]
[SourceTitle "CBM 202 Extra"]
[Source "ChessBase"]
[SourceDate "2021.07.31"]
[SourceVersion "1"]
[SourceVersionDate "2021.07.31"]
[SourceQuality "1"]

1. d4 Nf6 2. c4 e6 3. Nc3 Bb4 4. Qc2 0-0 5. e4 d5 6. e5 Ne4 7. Bd3 c5 8. Nf3 cxd4 9. Nxd4 Nd7 10. Bf4 Ndc5 11. 0-0 Bxc3 12. bxc3 Bd7 13. Be2 Na4 14. cxd5 exd5 15. f3 Nexc3 16. Bd3 g6 17. Qf2 Nc5 18. Bc2 Ne6 19. Be3 Rc8 20. Rfe1 Nxd4 21. Bxd4 Nb5 22. Be3 Qc7 23. Bb3 Rfe8 24. a4 Nc3 25. Bd4 Qa5 26. Bxa7 Qb4 27. Bc2 Bxa4 28. Bxa4 Nxa4 29. Rab1 Qe7 30. Bd4 Rc4 31. Rb5 Qd7 32. Reb1 Rec8 33. Qd2 Nc3 34. Bxc3 Rxc3 35. Rxd5 Qe7 36. h3 Qh4 37. e6 R3c7 38. Rd7 fxe6 39. Rxb7 Rxd7 40. Rxd7 Qc4 41. Kh2 e5 42. Kg3 Rf8 43. Qd5+ Qxd5 44. Rxd5 Rf5 45. Kf2 Rh5 46. Rd7 Rh4 47. Re7 Rh5 48. Ke3 Kf8 49. Rc7 Kg8 50. Ke4 Rf5 51. Re7 h5 52. Rxe5 Rf6 53. Re7 Rf5 54. g4 hxg4 55. hxg4 Ra5 56. Kf4 g5+ 57. Ke4 Ra4+ 58. Ke3 Ra3+ 59. Kf2 Ra5 60. Rd7 Rb5 61. Ke3 Rd5 62. Rxd5 1-0

[Event "American World Cup Q Prelim"]
[Site "Tornelo INT"]
[Date "2021.05.09"]
[Round "8"]
[White "Jaque Gutierrez, Matias"]
[Black "Arias Santana, Mauricio"]
[Result "0-1"]
[WhiteElo "2094"]
[BlackElo "2291"]
[PlyCount "76"]
[EventDate "2021.05.08"]
[EventType "swiss (rapid)"]
[EventRounds "9"]
[EventCountry "USA"]
[SourceTitle "CBM 202 Extra"]
[Source "ChessBase"]
[SourceDate "2021.07.31"]
[SourceVersion "1"]
[SourceVersionDate "2021.07.31"]
[SourceQuality "1"]

1. c4 e6 2. g3 d5 3. Nf3 Nf6 4. Bg2 a6 5. b3 b5 6. Bb2 Bb7 7. 0-0 Be7 8. d3 0-0 9. Nbd2 c5 10. Ne5 Qb6 11. e3 Rd8 12. Qe2 Nc6 13. Nxc6 Bxc6 14. Rac1 Rac8 15. f4 bxc4 16. dxc4 d4 17. Bxc6 Qxc6 18. e4 e5 19. f5 Re8 20. Rce1 a5 21. Qf3 a4 22. h3 axb3 23. axb3 Ra8 24. Ra1 Qb7 25. Rxa8 Rxa8 26. Ra1 Rxa1+ 27. Bxa1 Qa8 28. Bb2 Qa2 29. Bc1 Qa1 30. Qf1 Qc3 31. Kg2 Nh5 32. h4 Qxg3+ 33. Kh1 Qxh4+ 34. Kg2 Nf4+ 35. Kf3 Qh5+ 36. Kg3 Bh4+ 37. Kh2 Bf2+ 38. Qh3 Qxh3# 0-1

[Event "American World Cup Q Prelim"]
[Site "Tornelo INT"]
[Date "2021.05.09"]
[Round "5"]
[White "Moncada Correa, Sara"]
[Black "Arias Santana, Mauricio"]
[Result "1-0"]
[WhiteElo "1869"]
[BlackElo "2291"]
[PlyCount "151"]
[EventDate "2021.05.08"]
[EventType "swiss (rapid)"]
[EventRounds "9"]
[EventCountry "USA"]
[SourceTitle "CBM 202 Extra"]
[Source "ChessBase"]
[SourceDate "2021.07.31"]
[SourceVersion "1"]
[SourceVersionDate "2021.07.31"]
[SourceQuality "1"]

1. d4 f5 2. g3 Nf6 3. Bg2 e6 4. Nf3 d5 5. 0-0 Bd6 6. c4 c6 7. Qc2 0-0 8. Nc3 Bd7 9. Rb1 Be8 10. b4 Nbd7 11. b5 Ne4 12. bxc6 bxc6 13. Bf4 Bxf4 14. gxf4 Bh5 15. Nxe4 fxe4 16. Ng5 Rf6 17. Bh3 Qe8 18. cxd5 exd5 19. Rb7 Nb6 20. Qc5 h6 21. Re7 Qg6 22. Be6+ Kh8 23. Qxc6 hxg5 24. f5 Qh6 25. Rb1 Raf8 26. Rxa7 Bxe2 27. Rxb6 Qh5 28. Qc7 Qg4+ 29. Qg3 Qh5 30. Rbb7 Bd3 31. f3 Rxe6 32. Rxg7 Rh6 33. Qe5 Qxh2+ 34. Qxh2 Rxh2 35. Kxh2 Rxf5 36. Rgc7 Kg8 37. Ra8+ Rf8 38. Rxf8+ Kxf8 39. fxe4 dxe4 40. Kg3 e3 41. Kf3 e2 42. Kf2 g4 43. Rc5 g3+ 44. Ke1 Bc4 45. Rg5 Bxa2 46. Kxe2 Ke7 47. Rxg3 Bc4+ 48. Ke3 Kd6 49. Rg5 Kd7 50. Ke4 Ba2 51. d5 Kd6 52. Rg6+ Ke7 53. Ke5 Kd7 54. Rg7+ Ke8 55. Ke6 Kf8 56. Ra7 Bc4 57. Ke5 Ke8 58. d6 Bb5 59. Rb7 Bc6 60. Rc7 Bd7 61. Kf6 Ba4 62. Ra7 Bc6 63. Re7+ Kd8 64. Rh7 Ba4 65. Ke5 Bb5 66. Kd5 Ba4 67. Kc5 Kc8 68. Kb6 Kd8 69. Kb7 Bb5 70. Rg7 Ba4 71. Kb6 Bb3 72. d7 Ba4 73. Kc5 Bxd7 74. Kd6 Ba4 75. Rg8+ Be8 76. Rh8 1-0

[Event "American World Cup Q Prelim"]
[Site "Tornelo INT"]
[Date "2021.05.08"]
[Round "1"]
[White "Arias Santana, Mauricio"]
[Black "Stephenson, John"]
[Result "0-1"]
[WhiteElo "2291"]
[BlackElo "1629"]
[PlyCount "82"]
[EventDate "2021.05.08"]
[EventType "swiss (rapid)"]
[EventRounds "9"]
[EventCountry "USA"]
[SourceTitle "CBM 202 Extra"]
[Source "ChessBase"]
[SourceDate "2021.07.31"]
[SourceVersion "1"]
[SourceVersionDate "2021.07.31"]
[SourceQuality "1"]

1. Nf3 d5 2. b3 Nf6 3. Bb2 g6 4. g3 Bg7 5. Bg2 0-0 6. 0-0 b6 7. e3 Bb7 8. Qe2 c5 9. c4 dxc4 10. bxc4 Nbd7 11. d3 e6 12. Nc3 Qe7 13. a4 Rfd8 14. Rfd1 Rac8 15. a5 Nb8 16. Nb5 Bc6 17. axb6 axb6 18. Bh3 Bxb5 19. cxb5 Qd7 20. d4 c4 21. Bc3 Qxb5 22. Ne5 Ne4 23. Be1 Bxe5 24. Rdb1 Qd5 25. dxe5 Qxe5 26. Rxb6 Qxa1 27. Kg2 Qa7 28. Rb4 Ng5 29. Bc3 Qa8+ 30. f3 Rd3 31. Bf6 Nxh3 32. Kxh3 Qa5 33. Qb2 Qf5+ 34. Kg2 Nd7 35. Bc3 Rxe3 36. f4 Qe4+ 37. Kh3 f6 38. Rb7 Qf5+ 39. Kg2 Rxc3 40. Qxc3 Qe4+ 41. Kh3 Qxb7 0-1

[Event "CRI-ch"]
[Site "San Jose"]
[Date "2020.01.19"]
[Round "10"]
[White "Chinchilla Miranda, Eugenio"]
[Black "Arias Santana, Mauricio"]
[Result "1-0"]
[WhiteElo "2166"]
[BlackElo "2276"]
[PlyCount "59"]
[EventDate "2020.01.10"]
[EventType "swiss"]
[EventRounds "11"]
[EventCountry "CRI"]
[SourceTitle "CBM 194 Extra"]
[Source "ChessBase"]
[SourceDate "2020.03.31"]
[SourceVersion "1"]
[SourceVersionDate "2020.03.31"]
[SourceQuality "1"]

1. d4 Nf6 2. c4 c5 3. d5 b5 4. Qc2 b4 5. e4 d6 6. f4 g6 7. Bd3 Bg7 8. Nf3 0-0 9. 0-0 e6 10. Nbd2 Nbd7 11. dxe6 fxe6 12. Ng5 Qe7 13. Ndf3 e5 14. f5 gxf5 15. Nh4 Nb8 16. Nxf5 Bxf5 17. exf5 Nc6 18. Ne6 Nd4 19. Nxd4 exd4 20. Bg5 Rfe8 21. Rf3 Kh8 22. Raf1 a5 23. g4 Qb7 24. Qg2 Rg8 25. Qh3 Rae8 26. Qh4 Qf7 27. Rh3 Re5 28. Rff3 h6 29. Bxh6 Nh7 30. Bg5 1-0

[Event "CRI-ch"]
[Site "San Jose"]
[Date "2020.01.16"]
[Round "7"]
[White "Minero Pineda, Sergio"]
[Black "Arias Santana, Mauricio"]
[Result "1/2-1/2"]
[WhiteElo "2356"]
[BlackElo "2276"]
[PlyCount "30"]
[EventDate "2020.01.10"]
[EventType "swiss"]
[EventRounds "11"]
[EventCountry "CRI"]
[SourceTitle "CBM 194 Extra"]
[Source "ChessBase"]
[SourceDate "2020.03.31"]
[SourceVersion "1"]
[SourceVersionDate "2020.03.31"]
[SourceQuality "1"]

1. d4 d5 2. c4 e6 3. Nc3 Nf6 4. Bg5 Be7 5. e3 h6 6. Bh4 0-0 7. Nf3 Ne4 8. Bxe7 Qxe7 9. cxd5 Nxc3 10. bxc3 exd5 11. Bd3 Be6 12. 0-0 Nd7 13. Rb1 b6 14. Re1 Nf6 15. Ne5 c5 1/2-1/2

[Event "CRI-ch"]
[Site "San Jose"]
[Date "2020.01.15"]
[Round "6"]
[White "Ramirez Madrid, Gerardo Alfonso"]
[Black "Arias Santana, Mauricio"]
[Result "0-1"]
[WhiteElo "2033"]
[BlackElo "2276"]
[PlyCount "90"]
[EventDate "2020.01.10"]
[EventType "swiss"]
[EventRounds "11"]
[EventCountry "CRI"]
[SourceTitle "CBM 194 Extra"]
[Source "ChessBase"]
[SourceDate "2020.03.31"]
[SourceVersion "1"]
[SourceVersionDate "2020.03.31"]
[SourceQuality "1"]

1. c4 e6 2. g3 d5 3. Nf3 Nf6 4. Bg2 Be7 5. 0-0 0-0 6. b3 d4 7. e3 c5 8. exd4 cxd4 9. Bb2 Nc6 10. Re1 Ne8 11. Ne5 Nxe5 12. Rxe5 f6 13. Re1 e5 14. d3 Nc7 15. Ba3 Bxa3 16. Nxa3 Rb8 17. b4 a6 18. b5 Ne6 19. Rb1 Bd7 20. Qd2 Qc7 21. b6 Qc5 22. Nc2 Qd6 23. Nb4 Nc5 24. Nd5 Bf5 25. Be4 Bxe4 26. dxe4 Rbc8 27. f3 Rc6 28. Kg2 Rfc8 29. Rec1 Kh8 30. h4 Qd7 31. g4 Ne6 32. Qb4 Nc5 33. Qd2 Nxe4 34. fxe4 Qxg4+ 35. Kf1 f5 36. Qg2 Qxh4 37. exf5 Rf8 38. Rb3 Rg6 39. Qh3 Qg5 40. Rc2 Qg1+ 41. Ke2 Rg2+ 42. Kd3 Rg3+ 43. Qxg3 Qxg3+ 44. Ke4 Qg4+ 45. Kxe5 Qxf5+ 0-1

[Event "Saint Louis Winter-B"]
[Site "Saint Louis"]
[Date "2019.11.24"]
[Round "7"]
[White "Arias Santana, Mauricio"]
[Black "Torres Rosas, Luis Carlos"]
[Result "1/2-1/2"]
[WhiteElo "2292"]
[BlackElo "2360"]
[PlyCount "26"]
[EventDate "2019.11.21"]
[EventType "tourn"]
[EventRounds "9"]
[EventCountry "USA"]
[EventCategory "3"]
[SourceTitle "EXT 2021"]
[Source "ChessBase"]
[SourceDate "2020.10.23"]
[SourceVersion "1"]
[SourceVersionDate "2020.10.23"]
[SourceQuality "1"]

1. Nf3 Nf6 2. c4 g6 3. b4 Bg7 4. Bb2 0-0 5. g3 d6 6. Bg2 e5 7. d3 Nbd7 8. 0-0 Re8 9. Nbd2 c6 10. Qc2 Qe7 11. e3 Nh5 12. e4 Nhf6 13. d4 exd4 1/2-1/2

[Event "Saint Louis Winter-B"]
[Site "Saint Louis"]
[Date "2019.11.23"]
[Round "5"]
[White "Arias Santana, Mauricio"]
[Black "Krykun, Yuriy"]
[Result "0-1"]
[WhiteElo "2292"]
[BlackElo "2382"]
[PlyCount "90"]
[EventDate "2019.11.21"]
[EventType "tourn"]
[EventRounds "9"]
[EventCountry "USA"]
[EventCategory "3"]
[SourceTitle "EXT 2021"]
[Source "ChessBase"]
[SourceDate "2020.10.23"]
[SourceVersion "1"]
[SourceVersionDate "2020.10.23"]
[SourceQuality "1"]

1. e4 e5 2. Nf3 Nc6 3. Bb5 g6 4. 0-0 Bg7 5. Bxc6 dxc6 6. b3 Ne7 7. Bb2 f6 8. d4 exd4 9. Qxd4 Qxd4 10. Bxd4 0-0 11. Nbd2 b6 12. Rfe1 c5 13. Bb2 Nc6 14. Nc4 Bg4 15. Rad1 Rad8 16. Ne3 Bxf3 17. gxf3 Nd4 18. Kg2 f5 19. c3 Ne6 20. exf5 Nf4+ 21. Kf1 Nd3 22. Re2 Nxb2 23. Rxd8 Rxd8 24. Rxb2 Bxc3 25. Rc2 Bg7 26. Ke2 gxf5 27. Nxf5 Kf7 28. Nxg7 Kxg7 29. b4 c6 30. bxc5 b5 31. Ke3 Kf6 32. Ke4 Re8+ 33. Kf4 Re5 34. h3 a5 35. h4 Rh5 36. Kg4 Rd5 37. h5 a4 38. f4 h6 39. Rc3 Rd2 40. a3 Rd5 41. Kh4 Kf5 42. Kg3 Rd4 43. f3 Rc4 44. Rd3 Rxc5 45. Rd6 Rc1 0-1